La gata y la luna /

Guardado en:
Autor Principal: Mó, María Rosa
Otros Autores: Istvansch; il
Formato: Libro
Publicado: Lanús : Del Cronopio Azul, 2013
Series:Ocho lados
Materias:
Etiquetas: Agregar Etiqueta
Sin Etiquetas, Sea el primero en etiquetar este registro!
LEADER 00891nam a22002655a 4500
001 CEM.cems015143
005 20191108184000.0
008 130507s2013##################000#0#####d
003 CEMS
020 |a 9789879226179 
082 0 4 |a A861.4 
100 1 |a Mó, María Rosa 
245 1 0 |a La gata y la luna /  |c María Rosa Mó ; ilustrado Por Istvansch 
260 |a Lanús :  |b Del Cronopio Azul,  |c 2013 
300 |a 14 p. 
490 0 |a Ocho lados 
653 |a Literatura 
653 |a Literatura argentina 
653 |a Literatura infantil 
653 |a Poesía infantil 
653 |a Colección ciencias de la educación 
700 1 |a Istvansch; il 
859 |a CEMS  |b BIB. CEMS - Ccias. Educacion  |h A861.4  |i M71-1  |k CE  |p 27973.19  |t Ej.1 
859 |a CEMS  |b BIB. CEMS - Ccias. Educacion  |h A861.4  |i M71-1  |k CE  |p 28766.19  |t Ej.2 
859 |a CEMS  |b BIB. CEMS - Ccias. Educacion  |h A861.4  |i M71-1  |k CE  |p 28767.19  |t Ej.3